000 nam a22 7a 4500
999 _c10403
_d10403
008 180216b ||||| |||| 00| 0 eng d
100 _aTiwari,S.K.
_96354
245 _aSocial Science -VIII
260 _aNew Delhi
_bWow Books